[Event "Olomouc Chess Summer 2019 - B2 - Optimtop Cup"]
[Site "Olomouc (CZE), Hotel Flora"]
[Date "2019.08.16"]
[Round "8"]
[Board "2"]
[White "OBSIVAC, Josef"]
[Black "LEVI, Netanel"]
[Result "1-0"]
[WhiteElo "2247"]
[BlackElo "2143"]
[PlyCount "147"]
[EventDate "2019.08.10"]
[EventRounds "9"]
[EventCountry "CZE"]

1. d4 d6 2. Nf3 Nf6 3. c4 g6 4. Nc3 Nbd7 5. e4 e5 6. Be2 Bg7 7. O-O O-O 8. Re1
Re8 9. d5 Nc5 10. Bf1 a5 11. Rb1 Ng4 12. h3 Nh6 13. b3 f5 14. Bg5 Qd7 15. Nd2
Nf7 16. Bh4 g5 17. Bg3 f4 18. Bh2 g4 19. Qxg4 Qe7 20. Qh5 Kh8 21. a3 Rg8 22. b4
axb4 23. axb4 Nd7 24. Ra1 Nf6 25. Qe2 Rb8 26. Ra3 Bh6 27. Kh1 Bd7 28. Rea1 Rbf8
29. Nb5 Bc8 30. Rc3 Ng5 31. c5 f3 32. Rxf3 Nxf3 33. Nxf3 Nh5 34. cxd6 cxd6 35.
Nxd6 Nf4 36. Nxc8 Rxc8 37. Qb2 Bg7 38. Bg3 Rcf8 39. Ra3 Qf6 40. Qd2 Qg6 41. Qe1
Qh6 42. Nh4 Nh5 43. Nf5 Nxg3+ 44. Rxg3 Qb6 45. Rd3 Ra8 46. Nxg7 Rxg7 47. Rf3
Qd4 48. Kh2 Rgg8 49. Rf7 Raf8 50. Rxf8 Rxf8 51. f3 Ra8 52. Qh4 Ra1 53. Qf6+ Kg8
54. Bb5 Qg1+ 55. Kg3 Ra2 56. Bd7 Qxg2+ 57. Kh4 h5 58. Be6+ Kh7 59. Qf7+ Qg7 60.
Bf5+ Kh8 61. Qxh5+ Kg8 62. Qe8+ Qf8 63. Qg6+ Qg7 64. Be6+ Kf8 65. Qxg7+ Kxg7
66. Kg5 Rf2 67. Bg4 Kf7 68. Kf5 Rb2 69. Kxe5 Rxb4 70. Kd6 Rb1 71. e5 b5 72. e6+
Kf6 73. e7 Re1 74. Be6  1-0

[Event "Olomouc Chess Summer 2019 - B2 - Optimtop Cup"]
[Site "Olomouc (CZE), Hotel Flora"]
[Date "2019.08.16"]
[Round "8"]
[Board "3"]
[White "PANCZYK, Krzysztof"]
[Black "JUREK, Josef"]
[Result "1/2-1/2"]
[WhiteElo "2344"]
[BlackElo "2244"]
[PlyCount "56"]
[EventDate "2019.08.10"]
[EventRounds "9"]
[EventCountry "CZE"]

1. d4 Nf6 2. c4 e6 3. Nc3 Bb4 4. e3 c5 5. Nge2 b6 6. a3 Ba5 7. Rb1 Na6 8. g3
Bb7 9. d5 b5 10. Bg2 bxc4 11. O-O O-O 12. e4 exd5 13. e5 Ng4 14. Bxd5 Bxd5 15.
Qxd5 Qe7 16. Qxc4 Qe6 17. Qxe6 dxe6 18. Bf4 Bc7 19. Rfd1 Rfd8 20. Nb5 Bxe5 21.
Rxd8+ Rxd8 22. Nxa7 Bxf4 23. Nxf4 e5 24. Ng2 Rd2 25. f3 Nf2 26. b4 Nh3+ 27. Kh1
Nf2+ 28. Kg1 Nh3+  1/2-1/2

[Event "Olomouc Chess Summer 2019 - B2 - Optimtop Cup"]
[Site "Olomouc (CZE), Hotel Flora"]
[Date "2019.08.16"]
[Round "8"]
[Board "4"]
[White "ZVOLANEK, Libor"]
[Black "YAO, Lan"]
[Result "1/2-1/2"]
[WhiteElo "2150"]
[BlackElo "2320"]
[PlyCount "142"]
[EventDate "2019.08.10"]
[EventRounds "9"]
[EventCountry "CZE"]

1. e4 d6 2. Nf3 Nf6 3. d3 e5 4. g3 Be7 5. Bg2 c5 6. O-O Nc6 7. c3 O-O 8. Re1 h6
9. a3 b6 10. b4 a6 11. Bb2 Rb8 12. Nbd2 Re8 13. Nf1 Bf8 14. Qc2 Bb7 15. Rad1
Rc8 16. Qb3 Qc7 17. Ne3 Ne7 18. c4 Nc6 19. Nd5 Nxd5 20. cxd5 Nd4 21. Nxd4 exd4
22. Rc1 Qd7 23. bxc5 bxc5 24. Rb1 Rb8 25. Ba1 Qb5 26. Bf1 Ba8 27. Qc2 Qa5 28.
Qa2 Rb5 29. Bh3 Re7 30. Kf1 Reb7 31. Bc8 Rc7 32. Bg4 Bb7 33. Re2 Bc8 34. Bxc8
Rxc8 35. Reb2 Rcb8 36. a4 Rxb2 37. Rxb2 Rxb2 38. Bxb2 Qd2 39. Qa3 c4 40. Bxd4
cxd3 41. Qb2 Qd1+ 42. Kg2 d2 43. Bc3 Qxa4 44. Qxd2 Qxe4+ 45. f3 Qc4 46. Kf2 g6
47. Bb4 h5 48. Ke3 Be7 49. Qd4 Qxd4+ 50. Kxd4 Kg7 51. h3 Kf8 52. g4 hxg4 53.
hxg4 Ke8 54. Ke4 Kd7 55. f4 Bd8 56. f5 a5 57. fxg6 fxg6 58. Bc3 a4 59. Kd3 Bg5
60. Bb2 Ke7 61. Kc4 Bf6 62. Bc1 Ba1 63. Bg5+ Bf6 64. Bc1 Bh4 65. Bb2 Bg3 66.
Kb4 Be5 67. Bc1 Kf6 68. Kxa4 Ba1 69. Bf4 Be5 70. Bd2 Bg3 71. Kb5 g5  1/2-1/2

[Event "Olomouc Chess Summer 2019 - B2 - Optimtop Cup"]
[Site "Olomouc (CZE), Hotel Flora"]
[Date "2019.08.16"]
[Round "8"]
[Board "5"]
[White "ARPITA, Mukherjee"]
[Black "JEDLICKA, Ales"]
[Result "0-1"]
[WhiteElo "2290"]
[BlackElo "2227"]
[PlyCount "154"]
[EventDate "2019.08.10"]
[EventRounds "9"]
[EventCountry "CZE"]

1. e4 c5 2. Nf3 d6 3. Bb5+ Bd7 4. Bxd7+ Qxd7 5. c4 Nf6 6. Nc3 g6 7. O-O Bg7 8.
d4 cxd4 9. Nxd4 O-O 10. f3 Nc6 11. Be3 a6 12. Qd2 Rac8 13. Rfd1 Nxd4 14. Bxd4
Rxc4 15. Bxf6 Bxf6 16. Nd5 Qe6 17. Rac1 Rfc8 18. b3 Rxc1 19. Rxc1 Rc6 20. a4
Kg7 21. b4 Qe5 22. Rd1 Rc4 23. Qa2 Rd4 24. Re1 Rd3 25. Nxf6 Qd4+ 26. Qf2 Qxf2+
27. Kxf2 Kxf6 28. Rb1 Rd2+ 29. Kg3 b5 30. Rc1 Rb2 31. a5 Rxb4 32. Rc6 Ra4 33.
Rxa6 b4 34. Ra8 Ke6 35. a6 f5 36. exf5+ Kxf5 37. a7 Ke5 38. Rb8 Rxa7 39. Rxb4
d5 40. Kg4 d4 41. Rb5+ Ke6 42. Kf4 Ra2 43. g4 Rxh2 44. Ke4 Rd2 45. f4 d3 46.
f5+ gxf5+ 47. Rxf5 Rg2 48. Kxd3 Rxg4 49. Rh5 Rg7 50. Ke4 Kf6 51. Kf4 Rf7 52.
Rb5 Kg6+ 53. Kg4 h6 54. Re5 Rg7 55. Rb5 Kf6+ 56. Kf4 Rg5 57. Rb6+ e6 58. Ra6
Rb5 59. Ra8 Rb4+ 60. Kf3 h5 61. Rf8+ Ke5 62. Rh8 h4 63. Rh5+ Kd6 64. Rh8 h3 65.
Kg3 Rb3+ 66. Kf4 e5+ 67. Ke4 Rb4+ 68. Kd3 Ra4 69. Kc3 Ra3+ 70. Kc4 Ke6 71. Rh5
Re3 72. Kc5 Kf6 73. Kd5 Kg6 74. Rh8 Kf5 75. Rf8+ Kg4 76. Rg8+ Kf3 77. Rh8 Kg2
 0-1

[Event "Olomouc Chess Summer 2019 - B2 - Optimtop Cup"]
[Site "Olomouc (CZE), Hotel Flora"]
[Date "2019.08.17"]
[Round "9"]
[Board "1"]
[White "JEDLICKA, Ales"]
[Black "VALENTA, Vit"]
[Result "1-0"]
[WhiteElo "2227"]
[BlackElo "2198"]
[PlyCount "43"]
[EventDate "2019.08.10"]
[EventRounds "9"]
[EventCountry "CZE"]

1. d4 Nf6 2. c4 g6 3. Nc3 Bg7 4. e4 d6 5. Nf3 O-O 6. h3 e5 7. d5 Na6 8. Bg5 h6
9. Be3 Nc5 10. Nd2 a5 11. a3 Bd7 12. b4 axb4 13. axb4 Rxa1 14. Qxa1 Na6 15. Qa3
Nh5 16. c5 dxc5 17. bxc5 Nb8 18. Qb3 Bc8 19. Nc4 f5 20. c6 b6 21. Nxb6 cxb6 22.
c7  1-0

[Event "Olomouc Chess Summer 2019 - B2 - Optimtop Cup"]
[Site "Olomouc (CZE), Hotel Flora"]
[Date "2019.08.17"]
[Round "9"]
[Board "2"]
[White "YAO, Lan"]
[Black "ARPITA, Mukherjee"]
[Result "1/2-1/2"]
[WhiteElo "2320"]
[BlackElo "2290"]
[PlyCount "45"]
[EventDate "2019.08.10"]
[EventRounds "9"]
[EventCountry "CZE"]

1. e4 c5 2. Nf3 d6 3. d4 cxd4 4. Nxd4 Nf6 5. Nc3 a6 6. Bg5 Nbd7 7. Bc4 Qb6 8.
Bb3 e6 9. Bxf6 Nxf6 10. Qd2 Be7 11. O-O-O O-O 12. f4 Qc7 13. f5 e5 14. Nf3 b5
15. Nd5 Nxd5 16. Bxd5 Bb7 17. Qe2 Bxd5 18. Rxd5 Rac8 19. Kb1 Qc4 20. Qxc4 Rxc4
21. Re1 Rfc8 22. Re2 h5 23. Rd3  1/2-1/2

[Event "Olomouc Chess Summer 2019 - B2 - Optimtop Cup"]
[Site "Olomouc (CZE), Hotel Flora"]
[Date "2019.08.17"]
[Round "9"]
[Board "3"]
[White "JUREK, Josef"]
[Black "ZVOLANEK, Libor"]
[Result "1/2-1/2"]
[WhiteElo "2244"]
[BlackElo "2150"]
[PlyCount "28"]
[EventDate "2019.08.10"]
[EventRounds "9"]
[EventCountry "CZE"]

1. Nf3 g6 2. d4 Bg7 3. c4 Nf6 4. g3 O-O 5. Bg2 d6 6. Nc3 Nbd7 7. O-O e5 8. e4
c6 9. h3 Qb6 10. Re1 exd4 11. Nxd4 Ng4 12. Nce2 Nge5 13. b3 Nc5 14. Be3 a5
 1/2-1/2

[Event "Olomouc Chess Summer 2019 - B2 - Optimtop Cup"]
[Site "Olomouc (CZE), Hotel Flora"]
[Date "2019.08.17"]
[Round "9"]
[Board "4"]
[White "LEVI, Netanel"]
[Black "PANCZYK, Krzysztof"]
[Result "1-0"]
[WhiteElo "2143"]
[BlackElo "2344"]
[PlyCount "83"]
[EventDate "2019.08.10"]
[EventRounds "9"]
[EventCountry "CZE"]

1. e4 c5 2. Nf3 Nc6 3. Bb5 g6 4. Bxc6 dxc6 5. d3 Bg7 6. h3 Nf6 7. Nc3 O-O 8.
Bf4 Ne8 9. Qd2 Nc7 10. Bh6 Ne6 11. h4 f6 12. Ne2 Nd4 13. Bxg7 Kxg7 14. h5 Nxf3+
15. gxf3 g5 16. h6+ Kh8 17. f4 Rg8 18. fxg5 Rxg5 19. O-O-O Qg8 20. b3 Bg4 21.
f4 Rg6 22. Rdf1 Bxe2 23. Qxe2 Rg2 24. Qe3 b6 25. Rfg1 a5 26. a4 Re8 27. Kb2 Qg4
28. Rxg2 Qxg2 29. Rg1 Qh2 30. f5 Rg8 31. Rxg8+ Kxg8 32. d4 cxd4 33. Qxd4 Qxh6
34. Qxb6 Qd2 35. Qxc6 Kg7 36. Qc3 Qg2 37. Qxa5 Qxe4 38. Qc7 h5 39. a5 h4 40. a6
h3 41. Qg3+ Kf7 42. Qxh3  1-0

[Event "Olomouc Chess Summer 2019 - B2 - Optimtop Cup"]
[Site "Olomouc (CZE), Hotel Flora"]
[Date "2019.08.17"]
[Round "9"]
[Board "5"]
[White "MICHALEK, Jan"]
[Black "OBSIVAC, Josef"]
[Result "1/2-1/2"]
[WhiteElo "2237"]
[BlackElo "2247"]
[PlyCount "88"]
[EventDate "2019.08.10"]
[EventRounds "9"]
[EventCountry "CZE"]

1. e4 c5 2. Nc3 Nc6 3. Nf3 e6 4. d4 cxd4 5. Nxd4 Qc7 6. Be3 a6 7. Qf3 Ne5 8.
Qg3 h5 9. O-O-O h4 10. Qh3 Nf6 11. f4 Neg4 12. e5 Nxe3 13. Qxe3 Ng4 14. Qf3 Nh6
15. g4 Rb8 16. g5 Ng8 17. g6 f5 18. exf6 Nxf6 19. Bh3 Bb4 20. Ne4 Nd5 21. Rhf1
Rf8 22. Ne2 Be7 23. f5 b5 24. Qh5 Qe5 25. Qf3 Bb7 26. Qd3 Rd8 27. fxe6 dxe6 28.
Rxf8+ Kxf8 29. Qf3+ Nf6 30. Rxd8+ Bxd8 31. Nxf6 Bxf3 32. Nd7+ Ke8 33. Nxe5 Bxe2
34. Bxe6 Bg5+ 35. Kb1 Bf4 36. Bg4 Bxe5 37. Bxe2 Bxh2 38. a4 bxa4 39. Bxa6 Ke7
40. Kc1 Kf6 41. Kd1 Be5 42. Bb5 Kxg6 43. Ke2 Kg5 44. Kf3 Bxb2  1/2-1/2

[Event "Olomouc Chess Summer 2019 - Open Olomouc"]
[Site "Olomouc (CZE), Hotel Flora"]
[Date "2019.08.10"]
[Round "1"]
[Board "1"]
[White "BROUSEK, Jiri"]
[Black "BABULA, Milan"]
[Result "0-1"]
[WhiteElo "1821"]
[BlackElo "2226"]
[PlyCount "56"]
[EventDate "2019.08.10"]
[EventRounds "9"]
[EventCountry "CZE"]

1. d4 e6 2. Nf3 f5 3. Nc3 Nf6 4. Bg5 Be7 5. Bxf6 Bxf6 6. e4 fxe4 7. Nxe4 b6 8.
Bd3 Bb7 9. Qe2 Nc6 10. c3 Qe7 11. Ba6 O-O-O 12. a4 d5 13. Ng3 e5 14. Bxb7+ Kxb7
15. O-O exd4 16. Qxe7 Bxe7 17. Nxd4 Nxd4 18. cxd4 Bf6 19. Rfd1 Rhe8 20. b4 a6
21. Kf1 Re6 22. Ra2 Rc6 23. Ne2 Rc4 24. Rb2 Ra8 25. f3 a5 26. Rdb1 axb4 27.
Rxb4 Rxa4 28. Rb5 Kc6  0-1

[Event "Olomouc Chess Summer 2019 - Open Olomouc"]
[Site "Olomouc (CZE), Hotel Flora"]
[Date "2019.08.10"]
[Round "1"]
[Board "2"]
[White "HAUGLI, Petter"]
[Black "OCHMAN, Tomas"]
[Result "1-0"]
[WhiteElo "2224"]
[BlackElo "1812"]
[PlyCount "57"]
[EventDate "2019.08.10"]
[EventRounds "9"]
[EventCountry "CZE"]

1. c4 Nf6 2. Nc3 d5 3. cxd5 Nxd5 4. Nf3 g6 5. e4 Nxc3 6. dxc3 Qxd1+ 7. Kxd1 Bg7
8. Bf4 c5 9. Kc2 O-O 10. Bc4 Nc6 11. Rhd1 Na5 12. Bb5 a6 13. Bd7 Rd8 14. Bxc8
Rdxc8 15. Rd7 Kf8 16. Rad1 Ke8 17. Bg5 Bf6 18. Bxf6 exf6 19. e5 Nc6 20. Rxb7
fxe5 21. Rdd7 Nd8 22. Re7+ Kf8 23. Rbd7 Rc6 24. Nxe5 Rf6 25. f3 Rc8 26. Ra7
Rcc6 27. Red7 Rcd6 28. Ra8 Ke8 29. Raxd8#  1-0

[Event "Olomouc Chess Summer 2019 - Open Olomouc"]
[Site "Olomouc (CZE), Hotel Flora"]
[Date "2019.08.10"]
[Round "1"]
[Board "3"]
[White "SACHAREWICZ, Krzysztof"]
[Black "HOERR, Matthias"]
[Result "1-0"]
[WhiteElo "1797"]
[BlackElo "2193"]
[PlyCount "101"]
[EventDate "2019.08.10"]
[EventRounds "9"]
[EventCountry "CZE"]

1. e4 c5 2. Nf3 e6 3. c3 Nf6 4. e5 Nd5 5. d4 cxd4 6. cxd4 d6 7. Nc3 Nxc3 8.
bxc3 Qc7 9. Qb3 Nd7 10. exd6 Bxd6 11. Ba3 O-O 12. Bxd6 Qxd6 13. Be2 b6 14. O-O
Bb7 15. Rfd1 Qf4 16. c4 Nf6 17. Qe3 Qxe3 18. fxe3 Rac8 19. a4 Ne4 20. Bf1 Nd6
21. Nd2 Ba6 22. Rdc1 Nb7 23. Nb3 Rc6 24. a5 Nxa5 25. Nxa5 bxa5 26. Rxa5 Rfc8
27. c5 Bxf1 28. Kxf1 a6 29. Rca1 Ra8 30. e4 Kf8 31. d5 exd5 32. exd5 Rf6+ 33.
Ke2 Rf5 34. d6 Rd5 35. Kf3 f5 36. Rxa6 Rc8 37. Rc1 h5 38. Kf4 Kf7 39. Ra7+ Kf6
40. d7 g5+ 41. Kf3 Rb8 42. Rc2 Rb4 43. g3 h4 44. c6 hxg3 45. c7 Rd3+ 46. Ke2
Rxd7 47. c8=Q Re4+ 48. Kf3 Rxa7 49. Qh8+ Ke6 50. Qh6+ Kd7 51. Qc6+  1-0

[Event "Olomouc Chess Summer 2019 - Open Olomouc"]
[Site "Olomouc (CZE), Hotel Flora"]
[Date "2019.08.10"]
[Round "1"]
[Board "4"]
[White "ZAEHRINGER, Daniel"]
[Black "LANG, Anders"]
[Result "1-0"]
[WhiteElo "2176"]
[BlackElo "1790"]
[PlyCount "97"]
[EventDate "2019.08.10"]
[EventRounds "9"]
[EventCountry "CZE"]

1. d4 Nf6 2. Bg5 e6 3. e4 Be7 4. e5 Nd5 5. Bxe7 Qxe7 6. c4 Qb4+ 7. Qd2 Qxd2+ 8.
Kxd2 Nf4 9. Nc3 a6 10. g3 Ng6 11. Ne4 Nc6 12. Kc3 O-O 13. f4 Rb8 14. Rd1 b5 15.
b3 f5 16. Nf2 b4+ 17. Kb2 Na5 18. Bg2 d6 19. Nf3 Bb7 20. Rhe1 d5 21. Ng5 dxc4
22. Bxb7 c3+ 23. Kc2 Nxb7 24. Nxe6 Rf7 25. a3 Re7 26. d5 a5 27. Nd4 Ree8 28.
Nc6 Ra8 29. axb4 axb4 30. Ra1 Ra3 31. Nxb4 Rea8 32. Rxa3 Rxa3 33. Nfd3 Ne7 34.
Kxc3 c5 35. dxc6 Na5 36. Rb1 Naxc6 37. Nxc6 Nxc6 38. Kc4 Na5+ 39. Kb4 Ra2 40.
Rb2 Nc6+ 41. Kc5 Rxb2 42. Nxb2 Nd8 43. b4 g5 44. Kd6 gxf4 45. gxf4 Kf7 46. Nd3
Ke8 47. Nc5 h5 48. e6 h4 49. h3  1-0

[Event "Olomouc Chess Summer 2019 - Open Olomouc"]
[Site "Olomouc (CZE), Hotel Flora"]
[Date "2019.08.10"]
[Round "1"]
[Board "5"]
[White "GRABARCZYK, Sylwester"]
[Black "VOLODIN, Viktor"]
[Result "0-1"]
[WhiteElo "1784"]
[BlackElo "2168"]
[PlyCount "72"]
[EventDate "2019.08.10"]
[EventRounds "9"]
[EventCountry "CZE"]

1. e4 c5 2. Nc3 Nc6 3. f4 g6 4. Nf3 Bg7 5. Bc4 e6 6. O-O Nge7 7. Qe1 O-O 8. a3
d5 9. Ba2 Nd4 10. Bb1 b6 11. d3 Bb7 12. e5 Nef5 13. g4 Nxf3+ 14. Rxf3 Nd4 15.
Rh3 Qe7 16. Be3 f5 17. g5 Nxc2 18. Bxc2 d4 19. Bxd4 cxd4 20. Nb5 Qc5 21. Nd6
Qxc2 22. Nxb7 Rf7 23. Rc1 Qxb2 24. Nd6 Rd7 25. a4 Bf8 26. Rc4 Rad8 27. Nb5 Bc5
28. Rf3 a6 29. Rf2 Qb3 30. Nd6 Qxd3 31. Rfc2 Bxd6 32. exd6 Rxd6 33. Rc8 Qe3+
34. Qxe3 dxe3 35. Rxd8+ Rxd8 36. Kf1 Rd1+  0-1

[Event "Olomouc Chess Summer 2019 - Open Olomouc"]
[Site "Olomouc (CZE), Hotel Flora"]
[Date "2019.08.10"]
[Round "1"]
[Board "6"]
[White "CHUDINOVSKIKH, Alexander M"]
[Black "PALDUS, Jan"]
[Result "1-0"]
[WhiteElo "2145"]
[BlackElo "1777"]
[PlyCount "43"]
[EventDate "2019.08.10"]
[EventRounds "9"]
[EventCountry "CZE"]

1. e4 d5 2. exd5 Qxd5 3. Nc3 Qa5 4. d4 c6 5. Nf3 Nf6 6. Bc4 Bg4 7. Bd2 Qc7 8.
Qe2 Nbd7 9. O-O-O e6 10. h3 Bxf3 11. Qxf3 O-O-O 12. g4 Nb6 13. Bb3 h6 14. h4 h5
15. g5 Ng4 16. g6 Nd5 17. gxf7 Rd7 18. Qe2 Rxf7 19. Qxe6+ Qd7 20. Nxd5 cxd5 21.
Bxd5 Rf6 22. Bxb7+  1-0

[Event "Olomouc Chess Summer 2019 - Open Olomouc"]
[Site "Olomouc (CZE), Hotel Flora"]
[Date "2019.08.10"]
[Round "1"]
[Board "7"]
[White "STEPAN, Petr"]
[Black "ZDRAZIL, Tomas"]
[Result "0-1"]
[WhiteElo "1775"]
[BlackElo "2142"]
[PlyCount "62"]
[EventDate "2019.08.10"]
[EventRounds "9"]
[EventCountry "CZE"]

1. d4 Nf6 2. Nf3 g6 3. c4 Bg7 4. Nc3 O-O 5. e4 d6 6. Be2 e5 7. dxe5 dxe5 8. O-O
c6 9. Qc2 Re8 10. Be3 Nbd7 11. b4 Nf8 12. Rad1 N6d7 13. Qc1 Ne6 14. Rd3 Qc7 15.
c5 Nf4 16. Rd6 Nxe2+ 17. Nxe2 b5 18. Bh6 a5 19. Bxg7 Kxg7 20. a3 f6 21. Ng3 Nf8
22. Nh4 Ne6 23. Ngf5+ gxf5 24. Nxf5+ Kh8 25. Qh6 Rf8 26. Rfd1 Qf7 27. Rxc6 Qg6
28. Qd2 Nf4 29. Ne3 Bb7 30. Rd6 Bxe4 31. Rd8 Raxd8  0-1

[Event "Olomouc Chess Summer 2019 - Open Olomouc"]
[Site "Olomouc (CZE), Hotel Flora"]
[Date "2019.08.10"]
[Round "1"]
[Board "8"]
[White "OCKAY, Tomas"]
[Black "HORNAK, Pavol"]
[Result "1-0"]
[WhiteElo "2137"]
[BlackElo "1767"]
[PlyCount "83"]
[EventDate "2019.08.10"]
[EventRounds "9"]
[EventCountry "CZE"]

1. Nf3 d5 2. b3 Nf6 3. Bb2 e6 4. e3 Be7 5. Be2 b6 6. O-O O-O 7. c4 c6 8. d4 Bb7
9. Nc3 Nbd7 10. Qc2 dxc4 11. Bxc4 Nd5 12. Rfd1 Nxc3 13. Bxc3 Qc7 14. Bd3 h6 15.
Qb2 Nf6 16. Rac1 Rac8 17. Bb1 Nd5 18. Qc2 f5 19. Ne5 Nxc3 20. Qxc3 Qd6 21. Qc4
Bf6 22. Bxf5 Rce8 23. Bg6 Rc8 24. f4 b5 25. Qc5 Bxe5 26. Qxe5 Qxe5 27. fxe5 Rc7
28. Be4 Kf7 29. Rf1+ Ke7 30. Rxf8 Kxf8 31. Kf2 Ke8 32. Kg3 Kd7 33. Kg4 Kc8 34.
b4 Kb8 35. Rf1 Re7 36. Kh5 Kc7 37. Kg6 Kb6 38. Rf7 Rxf7 39. Kxf7 a5 40. a3 axb4
41. axb4 c5 42. dxc5+  1-0

[Event "Olomouc Chess Summer 2019 - Open Olomouc"]
[Site "Olomouc (CZE), Hotel Flora"]
[Date "2019.08.10"]
[Round "1"]
[Board "9"]
[White "KOLMAS, Oldrich"]
[Black "CAGASIK, Tomas"]
[Result "0-1"]
[WhiteElo "1766"]
[BlackElo "2118"]
[PlyCount "122"]
[EventDate "2019.08.10"]
[EventRounds "9"]
[EventCountry "CZE"]

1. e4 b6 2. d4 Bb7 3. Nc3 e6 4. Be3 Bb4 5. Bd3 Nf6 6. f3 d5 7. e5 Nfd7 8. Nge2
c5 9. Ng3 cxd4 10. Bxd4 Nc6 11. Bb5 Nxd4 12. Bxd7+ Qxd7 13. Qxd4 Bc5 14. Qd3 g6
15. O-O-O O-O-O 16. Rhe1 Kb8 17. Nge4 Be7 18. Nd2 Rc8 19. a3 Qc6 20. Ne2 Ba6
21. Qb3 Bc5 22. Kb1 Bf2 23. Nc1 Bxe1 24. Rxe1 Qc5 25. Nd3 Qd4 26. Qb4 Qxb4 27.
Nxb4 Bb7 28. Nb3 g5 29. Nd4 h5 30. g3 a5 31. Na2 Ba6 32. Nc3 Rc4 33. Ncb5 Bxb5
34. Nxb5 Rf8 35. c3 Rc5 36. Nd4 Kc8 37. Kc2 Kd7 38. Kd3 Rb8 39. Re2 Rcc8 40.
Nb5 Ke7 41. Nd4 Rb7 42. Nb5 Rd7 43. Nd4 Rdc7 44. Nb5 Rc5 45. a4 Rf8 46. Nd4 Kd7
47. Re1 Rcc8 48. Re2 f6 49. Re1 f5 50. Rg1 g4 51. f4 Rh8 52. Rg2 h4 53. Re2
hxg3 54. hxg3 Rh1 55. Rg2 Rch8 56. Ke3 Re1+ 57. Kd3 Rhh1 58. Kc2 Ra1 59. Kd3
Rxa4 60. b3 Raa1 61. Nb5 Rag1  0-1

[Event "Olomouc Chess Summer 2019 - Open Olomouc"]
[Site "Olomouc (CZE), Hotel Flora"]
[Date "2019.08.10"]
[Round "1"]
[Board "10"]
[White "LYS, Josef"]
[Black "STERBA, Michal"]
[Result "1-0"]
[WhiteElo "2115"]
[BlackElo "1751"]
[PlyCount "75"]
[EventDate "2019.08.10"]
[EventRounds "9"]
[EventCountry "CZE"]

1. d4 Nf6 2. c4 e6 3. Nf3 b6 4. g3 Bb7 5. Bg2 c5 6. dxc5 Bxc5 7. Nc3 Nc6 8. O-O
O-O 9. e4 e5 10. Bg5 h6 11. Bxf6 gxf6 12. Qd2 Kg7 13. Nh4 Rh8 14. Nf5+ Kg6 15.
Nd5 Nd4 16. b4 Bxd5 17. cxd5 Bxb4 18. Qxb4 Nc2 19. Qd6 Nxa1 20. Rxa1 Rc8 21.
Ne7+ Kg7 22. Nxc8 Qxc8 23. Bh3 Qc3 24. Rf1 Qd4 25. Bf5 h5 26. h4 Rc8 27. Qxd7
Rc3 28. Kg2 Qd3 29. Qxa7 Qf3+ 30. Kg1 Qe2 31. Qxb6 Qxa2 32. d6 Rb3 33. Qc5 Rd3
34. d7 Qd2 35. Qc1 Qa5 36. Rd1 Rc3 37. Qxc3 Qd8 38. Qc8  1-0

[Event "Olomouc Chess Summer 2019 - Open Olomouc"]
[Site "Olomouc (CZE), Hotel Flora"]
[Date "2019.08.11"]
[Round "2"]
[Board "1"]
[White "DAMBRAUSKAS, Virginijus"]
[Black "SPIREK, Adam"]
[Result "1-0"]
[WhiteElo "2253"]
[BlackElo "2024"]
[PlyCount "119"]
[EventDate "2019.08.10"]
[EventRounds "9"]
[EventCountry "CZE"]

1. d4 Nf6 2. c4 c5 3. Nf3 cxd4 4. Nxd4 d5 5. e3 e5 6. Nf3 Nc6 7. cxd5 Qxd5 8.
Qxd5 Nxd5 9. a3 f6 10. Bd2 Be6 11. Nc3 Nxc3 12. Bxc3 Be7 13. Nd2 Kf7 14. Bc4
Rhd8 15. Bxe6+ Kxe6 16. Ke2 b5 17. Rhc1 a5 18. b3 a4 19. Bb2 Na5 20. b4 Rxd2+
21. Kxd2 Nb3+ 22. Ke2 Nxa1 23. Bxa1 Rd8 24. e4 h5 25. Bb2 Bd6 26. Rc3 Rd7 27.
Bc1 Rc7 28. Rxc7 Bxc7 29. Be3 Bd6 30. f3 f5 31. exf5+ Kxf5 32. Kd3 g5 33. Bf2
g4 34. fxg4+ hxg4 35. h3 gxh3 36. gxh3 Bc7 37. Bc5 e4+ 38. Kd4 e3 39. Kd5 e2
40. Bf2 Be5 41. Kc5 Bb2 42. Kxb5 Bxa3 43. Kxa4 Bc1 44. Be1 Ke4 45. b5 Kd3 46.
b6 Bd2 47. b7 Bxe1 48. b8=Q Bd2 49. Qb5+ Ke3 50. Qe5+ Kd3 51. Qg3+ Kc2 52. Qg6+
Kc3 53. Qf6+ Kd3 54. Qf3+ Be3 55. Qf5+ Kd2 56. Kb3 Bd4 57. Kc4 Bh8 58. Qa5+ Ke3
59. Qe1 Be5 60. h4  1-0

[Event "Olomouc Chess Summer 2019 - Open Olomouc"]
[Site "Olomouc (CZE), Hotel Flora"]
[Date "2019.08.11"]
[Round "2"]
[Board "2"]
[White "BABULA, Milan"]
[Black "GEWENIGER, Tim"]
[Result "0-1"]
[WhiteElo "2226"]
[BlackElo "1974"]
[PlyCount "82"]
[EventDate "2019.08.10"]
[EventRounds "9"]
[EventCountry "CZE"]

1. e4 e6 2. d4 d5 3. Nc3 Nf6 4. e5 Nfd7 5. f4 c5 6. Nf3 Nc6 7. Ne2 Be7 8. c3
O-O 9. Be3 b5 10. dxc5 Bxc5 11. Bxc5 Nxc5 12. Ned4 Nxd4 13. cxd4 Ne4 14. Bd3 f5
15. O-O Qb6 16. Qb3 Bd7 17. Rfc1 Rfc8 18. Qd1 b4 19. Bxe4 dxe4 20. Ne1 Bb5 21.
Qd2 a5 22. Qe3 Bc4 23. Rc2 b3 24. axb3 Bxb3 25. Rc5 a4 26. Rac1 Rd8 27. Qc3 h6
28. Nc2 Bxc2 29. Rxc2 Ra6 30. h3 Kh7 31. g4 Rd7 32. gxf5 exf5 33. Kh2 Qe6 34.
Qc4 Qb6 35. d5 a3 36. Rc6 axb2 37. Rxb6 Rxb6 38. Rxb2 Rxb2+ 39. Kg3 Rdb7 40. e6
R7b3+ 41. Kh4 Rf3  0-1

[Event "Olomouc Chess Summer 2019 - Open Olomouc"]
[Site "Olomouc (CZE), Hotel Flora"]
[Date "2019.08.11"]
[Round "2"]
[Board "3"]
[White "SINGH, Soram Rahul"]
[Black "HAUGLI, Petter"]
[Result "0-1"]
[WhiteElo "2039"]
[BlackElo "2224"]
[PlyCount "64"]
[EventDate "2019.08.10"]
[EventRounds "9"]
[EventCountry "CZE"]

1. d4 Nf6 2. c4 g6 3. Nc3 Bg7 4. e4 d6 5. Nf3 O-O 6. h3 e5 7. d5 a5 8. g4 Na6
9. Be3 h5 10. g5 Nd7 11. a3 Nac5 12. b3 c6 13. Qc2 Nb6 14. Nd2 Bd7 15. O-O-O
cxd5 16. exd5 Bf5 17. Nce4 a4 18. b4 Nb3+ 19. Kb2 Nxd2 20. Rxd2 Rc8 21. Bxb6
Qxb6 22. f3 Qe3 23. Qd3 Qf4 24. Rc2 Qxg5 25. c5 dxc5 26. Rxc5 Qf4 27. Bg2 b6
28. Rxc8 Rxc8 29. Rd1 Bd7 30. Qd2 f5 31. Nc3 Qc4 32. Qc2 e4  0-1

[Event "Olomouc Chess Summer 2019 - Open Olomouc"]
[Site "Olomouc (CZE), Hotel Flora"]
[Date "2019.08.11"]
[Round "2"]
[Board "4"]
[White "TICHY, Miroslav"]
[Black "ZAEHRINGER, Daniel"]
[Result "0-1"]
[WhiteElo "1990"]
[BlackElo "2176"]
[PlyCount "120"]
[EventDate "2019.08.10"]
[EventRounds "9"]
[EventCountry "CZE"]

1. c4 e6 2. g3 d5 3. Bg2 Nf6 4. Nf3 Be7 5. O-O O-O 6. b3 b6 7. Bb2 Bb7 8. d4
dxc4 9. bxc4 c5 10. e3 Nc6 11. Nc3 Na5 12. Qd3 Rc8 13. Nd2 Bxg2 14. Kxg2 cxd4
15. exd4 Qc7 16. Nb5 Qb7+ 17. f3 Rfd8 18. Rfd1 a6 19. Na3 Ng4 20. Rac1 Bg5 21.
Re1 b5 22. cxb5 Rxc1 23. Bxc1 axb5 24. Nxb5 Ne3+ 25. Kf2 Nf5 26. a4 Bf6 27. Bb2
Qd5 28. Re4 h5 29. Qc3 Nc6 30. Nb3 g6 31. h4 Kg7 32. Kg2 Rc8 33. Nc1 Na7 34.
Qd3 Nxb5 35. axb5 Rc4 36. b6 Rb4 37. Bc3 Rxb6 38. Ne2 Rb3 39. Qc2 Rb7 40. Nf4
Qc4 41. Qd2 Rb1 42. Ne2 Rb7 43. d5 Qxd5 44. Bxf6+ Kxf6 45. Qc3+ Ke7 46. Nf4 Qd6
47. Kh3 Rc7 48. Qb2 Qd1 49. Qa3+ Nd6 50. Re2 Qh1+ 51. Rh2 Qf1+ 52. Ng2 Qd1 53.
Qe3 Kf8 54. Qe5 Kg8 55. Ne3 Qxf3 56. Qxd6 Rc3 57. Nd1 Qf1+ 58. Rg2 Qh1+ 59. Rh2
Qf1+ 60. Rg2 Rc2  0-1